00662 2200253 4500001002100000005001700021008004100038020002200079035002500101040001200126082001700138090001900155100001600174245005400190250001100244260002600255300002400281650002000305700001700325850001200342990001800354990001800372990001800390INLIS00000000000511420150730121150.0  a978-602-9225-84-6 a0010-051500000000247 aYOPDYOG 223a899.2213 b899.2213 Mar M aMARAH Rusli aMemang jodohc/ Marah Rusli; Editor, Melvi Yendra aCet. 4 aBandungbQanitac2014 a544 hlm.c; 20,5 cm aFiksi Indonesia aMELVI Yendra aYOPDYOG a15410-PD/B.15 a15411-PD/B.15 a15412-PD/B.15